Ga door naar de inhoud

Механизация приготовления и раздачи кормов учебное пособие Ч. 1 Механизация приготовления и раздачи кормов

В учебном издании изложены характеристики животноводческих ферм и комплексов, даны описания технологий заготовки, приготовления и раздачи кормов, методики расчета и подбора оборудования. Представлены теоретические материалы и оборудование, разработанное сотрудниками кафедры «Механизация животноводст...

Volledige beschrijving

Bewaard in:
Bibliografische gegevens
Hoofdauteur: Федоренко И. Я.
Andere auteurs: Садов В. В.
Formaat: Книга
Taal:Russian
Gepubliceerd in: Барнаул АГАУ 2014
Online toegang:https://e.lanbook.com/book/137607
https://e.lanbook.com/img/cover/book/137607.jpg
Tags: Voeg label toe
Geen labels, Wees de eerste die dit record labelt!
LEADER 02091nam0a2200253 i 4500
001 137607
003 RuSpLAN
005 20221220174046.0
008 221220s2014 ru gs 000 0 rus
040 |a RuSpLAN 
041 0 |a rus 
044 |a ru 
080 |a 636 (075.8) 
245 1 |a Механизация приготовления и раздачи кормов  |b учебное пособие  |c Федоренко И. Я.,Садов В. В.   |n Ч. 1  |p Механизация приготовления и раздачи кормов 
260 |a Барнаул  |b АГАУ  |c 2014 
300 |a 207 с. 
504 |a Библиогр.: доступна в карточке книги, на сайте ЭБС Лань 
520 8 |a В учебном издании изложены характеристики животноводческих ферм и комплексов, даны описания технологий заготовки, приготовления и раздачи кормов, методики расчета и подбора оборудования. Представлены теоретические материалы и оборудование, разработанное сотрудниками кафедры «Механизация животноводства» Алтайского ГАУ. Предназначено для студентов инженерных и технологических направлений, а также для специалистов сельскохозяйственного производства. Рекомендовано к печати методической комиссией ИФ АГАУ (протокол № 2 от 16 сентября 2014 г.). 
521 8 |a Книга из коллекции АГАУ - Ветеринария и сельское хозяйство 
100 1 |a Федоренко И. Я. 
700 1 |a Садов В. В. 
856 4 |u https://e.lanbook.com/book/137607 
856 4 8 |u https://e.lanbook.com/img/cover/book/137607.jpg 
953 |a https://e.lanbook.com/img/cover/book/137607.jpg 
Cannot write session to /tmp/vufind_sessions/sess_m8c6a8i5asqbi7kj9fcefodj0c